Songs with Years in their Titles Quiz Stats

 Plays Quiz not verified by Sporcle

Score 0/20 Timer 03:00
0 Plays Today
Artist Song Title % Correct
Prince1999
86.7%
Bryan AdamsSummer of '69
80%
Smashing Pumpkins1979
56.7%
Van Halen1984
56.7%
Zager and EvansIn the Year 2525
53.3%
Franki Valli and the Four SeasonsDecember 1963
46.7%
Bowling for Soup1985
33.3%
WingsNineteen Hundred and Eighty Five
13.3%
James Blunt1973
10%
Phoenix1901
10%
Artist Song Title % Correct
The Connells'74-'75
10%
Peter NeroTheme from Summer of '42
6.7%
Queen39
3.3%
SublimeApril 29, 1992
3.3%
Neon Trees1983
3.3%
Paul Davis'65 Love Affair
3.3%
Billy JoelMiami 2017
0%
Alice CooperTeenage Lament '74
0%
Good Charlotte1979
0%
John Mayer83
0%

You're not logged in!

Compare scores with friends on all Sporcle quizzes.
OR
Log In

You Might Also Like...

Show Comments

Extras

Created Jan 3, 2013ReportNominate
Tags:Rock Quiz, Song Quiz, Year Quiz, pop

Top Quizzes Today


Score Distribution

Your Account Isn't Verified!

In order to create a playlist on Sporcle, you need to verify the email address you used during registration. Go to your Sporcle Settings to finish the process.

Report this User

Report this user for behavior that violates our Community Guidelines.

Details: